European National Foods - Statistics

General Stats
  • This quiz has been taken 30 times
  • The average score is 5 of 16
Answer Stats
Picture Answer % Correct
Spain
96%
Italy
92%
Switzerland
88%
Germany
75%
Hungary
46%
Ukraine
42%
Russia
38%
France
21%
Bosnia and Herzegovina
17%
Czechia
13%
Finland
8%
Sweden
8%
Ireland
4%
Liechtenstein
0%
Portugal
0%
United Kingdom
0%
No matching quizzes found
Score Distribution
Percent of People with Each Score
Percentile by Number Answered
Your Score History
You have not taken this quiz